| 000 | 00000nam 2200000za 4500 |
| 001 | 9.816622 |
| 003 | CaOODSP |
| 005 | 20221107142306 |
| 007 | cr ||||||||||| |
| 008 | 160502s1990 onc |o f|0| 0 eng d |
| 020 | |z0-660-55558-1 |
| 040 | |aCaOODSP|beng |
| 041 | |aeng|afre |
| 043 | |an-cn--- |
| 086 | 1 |aFs41-31/110-PDF |
| 100 | 1 |aMorrison, Carol M. |
| 245 | 10|aHistology of the Atlantic cod, Gadus morhua |h[electronic resource] : |ban atlas : part three. reproductive tract = Atlas d'histologie de la morue franche, Gadus Morhua : troisième partie. organes reproducteurs / |c[by] Carol M. Morrison |
| 246 | 11|aAtlas d'histologie de la morue franche, Gadus Morhua : troisième partie. organes reproducteurs |
| 260 | |aOttawa : |bDepartment of Fisheries and Oceans, |c1990. |
| 300 | |aiv, 177 p.|bphotos. |
| 490 | 1 |aCanadian special publication of fisheries and aquatic sciences, |x0706-6481 ; |v110 |
| 500 | |aThe catalogue number (0-660-55558-1) and ISBN (Fs41-31/110) for the bilingual print edition have been copied in this electronic publication. |
| 504 | |aIncludes bibliographic references. |
| 546 | |aText in English and French. |
| 692 | 07|2gccst|aSalt water fish |
| 710 | 1 |aCanada. |bDepartment of Fisheries and Oceans. |
| 792 | |tHistology of the Atlantic cod, Gadus morhua |efre|w(CaOODSP)9.816625 |
| 830 | #0|aCanadian special publication of fisheries and aquatic sciences ;|v110|w(CaOODSP)9.816381 |
| 856 | 40|qPDF|s14.05 MB|uhttps://publications.gc.ca/collections/collection_2016/mpo-dfo/Fs41-31-110.pdf |